00469nam a2200145 a 450000500170000000800410001705000190005810000160007724500410009326000410013430000070017550000810018265000310026370000290029420140414132122.0121010s19uu xx 00 eng d aTRbWi763 1997 aMckie, Anne aThe Illustrated wind in the willows. aLondon :bGrandreams Limited,c1997. a98 aThe River bank. The Open road. The Wild wood. The Adventures of Mr. Toad. astories-fables-collection. aKen McKie ( illustrator)